| 000 | 00591nam a22002057a 4500 | ||
|---|---|---|---|
| 003 | LK-CoMWRAF | ||
| 005 | 20240212141710.0 | ||
| 008 | 240211b1989 |||||||| |||| 00| 0 eng d | ||
| 020 | _a9559029010 | ||
| 040 |
_aLK-CoMWRAF _dLK-CoMWRAF _eLK-CoMWRAF |
||
| 041 | _aeng | ||
| 082 |
_a923.7 _bLUD |
||
| 100 | _aLudowyk, E. F. C. | ||
| 245 |
_aThose long afternoons : _bchildhood in colonial Ceylon |
||
| 260 |
_aColombo : _bLake house bookshop, _c1989 |
||
| 300 | _axix., 96 p. | ||
| 650 | _aScholars -- Sri Lanka -- Biography | ||
| 650 | _aSri Lanka -Social life and customs | ||
| 942 | _cBK | ||
| 999 |
_c4733 _d4733 |
||